000 00434nam a2200169Ia 4500
008 090711s9999 xx 000 0 und d
082 _b46243
100 _aआफळे सुनीती
245 _aकेवडा
260 _c1983
300 _a164
600 _aआफळे सुनीती
630 _aकेवडा
700 _aआफळे सुनीती
730 _aकेवडा
942 _cBOOK
999 _c308996
_d308996